[Event "IIFL WEALTH VI Mumbai Open 2021"]
[Site "Mumbai"]
[Date "2022.01.07"]
[Round "9.3"]
[White "Kadav Omkar"]
[Black "Iyer Arvind"]
[Result "0-1"]
[WhiteElo "1843"]
[BlackElo "1662"]
[Annotator "NA RC"]
[PlyCount "72"]
[EventDate "2021.12.30"]
[EventType "swiss"]
[EventCountry "IND"]
[SourceTitle "playchess.com"]
[Source "ChessBase"]
[SourceQuality "1"]
[TimeControl "5400+30"]

{[%evp 8,72,0,-4,5,-34,32767,32767,32767,32767,32767,32767,22,27,28,0,23,13,6,-59,-64,-74,-31,-58,-40,-26,-14,-8,0,0,0,0,0,-8,-16,-11,-5,-48,-42,-50,-30,-68,-59,-107,-111,-122,-107,-119,-125,-126,-112,-109,-69,-443,-533,-505,-617,-1477,-5613,-1643,-2704,-1912,-29983,-29979,-6126,-29987,-29990]} 1. c4 {[%emt 0:04:50]} Nf6 {[%emt 0:00:15]} 2. a3 {[%emt 0:00:12]} e5 {[%emt 0:01:18]} 3. e3 {[%emt 0:01:46]} d5 {[%emt 0:03:04]} 4. cxd5 {[%emt 0:00:41]} Nxd5 {[%emt 0:03:41]} 5. Nf3 {[%emt 0:00:21]} Bd6 {[%emt 0:02:21]} 6. d3 {[%emt 0:05:42]} Nc6 {[%emt 0:03:46]} 7. b4 {[%emt 0:01:53]} a6 {[%emt 0:02:20]} 8. Bb2 {[%emt 0:00:12]} O-O {[%emt 0:00:38]} 9. Be2 {[%emt 0:00:15]} Be6 {[%emt 0:01:13]} 10. Nbd2 {[%emt 0:03:17]} f5 {[%emt 0:03:03]} 11. O-O {[%emt 0:01:16]} Qf6 {[%emt 0:00:17]} 12. Nc4 {[%emt 0:02:56]} Rae8 {[%emt 0:10:43]} 13. d4 {[%emt 0:04:37]} (13. Rc1 $11) 13... e4 {[%emt 0:03:18]} 14. Nfe5 {[%emt 0:01:12]} Bxe5 {[%emt 0:03:27]} ({Black should play} 14... f4 $17) 15. Nxe5 {[%emt 0:01:13]} (15. dxe5 $11 Qg5 16. Qc2) 15... Nxe5 {[%emt 0:03:40]} (15... f4 $17 16. Nxc6 bxc6 17. exf4 Nxf4) 16. dxe5 {[%emt 0:00:23]} Qg5 {[%emt 0:00:48]} 17. Qc2 {[%emt 0:01:47]} Rd8 {[%emt 0:02:26]} 18. Bc4 {[%emt 0:01:46]} c6 {[%emt 0:09:07]} 19. Rad1 {[%emt 0:02:45]} Kh8 {[%emt 0:04:04]} 20. Bxd5 {[%emt 0:01:21]} Bxd5 {[%emt 0:01:11]} 21. Bd4 {[%emt 0:03:32]} Rde8 {[%emt 0:04:09]} 22. Qd2 {[%emt 0:02:35] [#]} (22. h3 $11) 22... Re6 $1 {[%emt 0:00:52]} 23. Kh1 {[%emt 0:01:05]} ({Much weaker is} 23. g3 Qg4 24. a4 Rfe8 $17) 23... Qh5 {[%emt 0:02:36]} 24. h3 Rg6 {[%emt 0:01:29]} 25. Kh2 {[%emt 0:04:19]} (25. Bc5 $15 f4 26. exf4 (26. Bxf8 {is a self mate.} f3)) 25... f4 $1 {[%emt 0:03:47]} ({But not} 25... Qg5 $6 26. Rg1 $11) 26. Rg1 {[%emt 0:09:08] [#]} f3 $1 {[%emt 0:03:26]} 27. g4 {[%emt 0:00:38] [#]} Qh4 $1 {[%emt 0:00:26]} 28. Rg3 {[%emt 0:00:25]} Be6 {[%emt 0:00:55]} 29. Rdg1 {[%emt 0:01:57]} Rh6 {[%emt 0:00:15]} (29... h5 $17 30. gxh5 {[#]} Qxh5 $1) 30. Qe1 $2 {[%emt 0:01:37] [#]} (30. Rh1 $17 {is tougher.}) 30... Bxg4 $1 {[%emt 0:00:23]} 31. Qf1 {[%emt 0:00:14]} Be6 {[%emt 0:00:08]} 32. Rh1 {[%emt 0:05:56]} Rf5 {[%emt 0:00:28]} 33. Bc3 {[%emt 0:03:04]} Rfh5 {[%emt 0:07:06]} (33... Rg5 $142 34. Rhg1 Rgh5) 34. Kg1 {[%emt 0:01:40]} Rg5 {[%emt 0:00:16]} 35. Be1 {[%emt 0:00:25]} b5 {[%emt 0:00:16]} 36. Kh2 {[%emt 0:01:36]} Bc4 {[%emt 0:00:58]} 0-1

[Event "IIFL WEALTH VI Mumbai Open 2021"]
[Site "Mumbai"]
[Date "2022.01.07"]
[Round "9.4"]
[White "Bhat Sanjay"]
[Black "Daksh Goyal"]
[Result "0-1"]
[WhiteElo "1679"]
[BlackElo "1352"]
[Annotator "NA RC"]
[PlyCount "66"]
[EventDate "2021.12.30"]
[EventType "swiss"]
[EventCountry "IND"]
[SourceTitle "playchess.com"]
[Source "ChessBase"]
[SourceQuality "1"]
[TimeControl "5400+30"]

1. c4 {[%emt 0:00:03]} e6 {[%emt 0:01:51]} 2. g3 {[%emt 0:00:08]} d5 {[%emt 0:03:58]} 3. Bg2 {[%emt 0:00:05]} d4 {[%emt 0:00:55]} 4. Nf3 {[%emt 0:00:06]} c5 {[%emt 0:00:20]} 5. e3 {[%emt 0:00:18]} Nc6 {[%emt 0:00:34]} 6. exd4 {[%emt 0:00:06]} cxd4 {[%emt 0:00:08]} 7. O-O {[%emt 0:00:04]} Nf6 {[%emt 0:01:10]} 8. d3 {[%emt 0:00:07]} Bd6 {[%emt 0:01:39]} 9. a3 {[%emt 0:01:31]} a5 {[%emt 0:00:21]} 10. Bg5 {[%emt 0:00:11]} h6 {[%emt 0:00:31]} 11. Bxf6 {[%emt 0:00:05]} Qxf6 {[%emt 0:00:16]} 12. Nbd2 {[%emt 0:00:04]} Qe7 {[%emt 0:00:50]} 13. Re1 {[%emt 0:02:48]} O-O {[%emt 0:01:35]} 14. Nb3 {[%emt 0:07:22]} Qf6 {[%emt 0:06:29]} 15. Nfd2 {[%emt 0:18:12]} Qd8 {[%emt 0:05:56]} 16. c5 {[%emt 0:02:59]} Bc7 {[%emt 0:04:57]} 17. Ne4 {[%emt 0:08:04]} e5 {[%emt 0:10:33]} 18. Nbd2 {[%emt 0:03:02]} Be6 {[%emt 0:02:35]} 19. Rc1 {[%emt 0:08:33]} f5 {[%emt 0:09:52]} 20. Nd6 {[%emt 0:00:37]} Bxd6 {[%emt 0:01:14]} 21. cxd6 {[%emt 0:01:36]} Qxd6 {[%emt 0:00:53]} 22. Bxc6 {[%emt 0:00:20]} bxc6 {[%emt 0:00:18]} 23. Qe2 {[%emt 0:00:28]} e4 {[%emt 0:10:56]} 24. dxe4 {[%emt 0:01:14]} f4 {[%emt 0:02:08]} 25. Nc4 {[%emt 0:02:28]} Qc5 {[%emt 0:04:56]} 26. b4 {[%emt 0:11:53]} axb4 {[%emt 0:03:48]} 27. axb4 {[%emt 0:00:01]} Qxb4 {[%emt 0:00:46]} 28. Ne5 {[%emt 0:00:10]} Ra2 {[%emt 0:08:24]} 29. Nxc6 {[%emt 0:02:46]} Qd6 {[%emt 0:03:41]} 30. e5 {[%emt 0:00:54]} Qd7 {[%emt 0:01:45]} 31. Qe4 {[%emt 0:01:57]} fxg3 {[%emt 0:01:15]} 32. fxg3 {[%emt 0:00:15]} Rff2 {[%emt 0:01:03]} 33. Qxd4 {[%emt 0:04:45]} Rg2+ {[%emt 0:01:08]} 0-1

[Event "IIFL WEALTH VI Mumbai Open 2021"]
[Site "Mumbai"]
[Date "2022.01.07"]
[Round "9.5"]
[White "Bharadia Yash"]
[Black "Mishra Sanjeev"]
[Result "1/2-1/2"]
[WhiteElo "1675"]
[BlackElo "1605"]
[Annotator "NA RC"]
[PlyCount "137"]
[EventDate "2021.12.30"]
[EventType "swiss"]
[EventCountry "IND"]
[SourceTitle "playchess.com"]
[Source "ChessBase"]
[SourceQuality "1"]
[TimeControl "5400+30"]

1. e4 e5 {[%emt 0:10:37]} 2. Nf3 {[%emt 0:00:04]} Nc6 {[%emt 0:00:34]} 3. Bb5 {[%emt 0:00:03]} Nf6 {[%emt 0:02:03]} 4. O-O {[%emt 0:00:07]} Bc5 {[%emt 0:00:02]} 5. c3 {[%emt 0:00:20]} O-O 6. d4 {[%emt 0:00:19]} Bb6 {[%emt 0:00:12]} 7. Re1 {[%emt 0:01:18]} d6 {[%emt 0:00:05]} 8. h3 {[%emt 0:01:38]} h6 {[%emt 0:00:22]} 9. a4 {[%emt 0:05:56]} a6 {[%emt 0:00:38]} 10. Bf1 {[%emt 0:04:34]} Re8 {[%emt 0:01:09]} 11. d5 {[%emt 0:05:20]} Ne7 {[%emt 0:00:14]} 12. Be3 {[%emt 0:02:07]} Bxe3 {[%emt 0:00:20]} 13. Rxe3 {[%emt 0:00:06]} c6 {[%emt 0:00:12]} 14. c4 {[%emt 0:03:28]} Bd7 {[%emt 0:01:41]} 15. dxc6 {[%emt 0:00:56]} Bxc6 {[%emt 0:00:02]} 16. Nc3 {[%emt 0:00:25]} Ng6 {[%emt 0:01:56]} 17. g3 {[%emt 0:01:01]} a5 {[%emt 0:05:04]} 18. Bg2 {[%emt 0:03:24]} Nf8 {[%emt 0:00:47]} 19. Qd2 {[%emt 0:23:02]} Ne6 {[%emt 0:06:21]} 20. Rd1 {[%emt 0:04:35]} Re7 {[%emt 0:01:05]} 21. Rd3 {[%emt 0:10:47]} Nxe4 {[%emt 0:02:56]} 22. Nxe4 {[%emt 0:00:02]} Bxe4 {[%emt 0:00:02]} 23. Rxd6 {[%emt 0:00:14]} Qe8 {[%emt 0:01:16]} 24. b3 Bxf3 {[%emt 0:02:18]} 25. Bxf3 {[%emt 0:04:46]} Nd4 {[%emt 0:00:01]} 26. Qc3 {[%emt 0:02:25]} Qc8 {[%emt 0:05:50]} 27. Kg2 {[%emt 0:02:20]} Qc7 {[%emt 0:04:10]} 28. Rd5 {[%emt 0:02:13]} Ra6 {[%emt 0:05:13]} 29. Re1 {[%emt 0:03:45]} g6 {[%emt 0:06:17]} 30. Bd1 {[%emt 0:02:36]} Kh7 {[%emt 0:06:46]} 31. h4 {[%emt 0:02:02]} h5 {[%emt 0:02:32]} 32. f4 {[%emt 0:07:00]} f6 {[%emt 0:01:51]} 33. fxe5 {[%emt 0:00:31]} fxe5 {[%emt 0:00:02]} 34. Qe3 {[%emt 0:00:43]} Rae6 {[%emt 0:00:59]} 35. Qe4 {[%emt 0:03:14]} Kg7 {[%emt 0:01:01]} 36. Rf1 {[%emt 0:01:22]} Qc6 {[%emt 0:05:59]} 37. g4 hxg4 {[%emt 0:00:30]} 38. Bxg4 {[%emt 0:02:10]} Rf6 {[%emt 0:00:19]} 39. Rxf6 {[%emt 0:00:53]} Qxf6 {[%emt 0:00:19]} 40. Rd7 {[%emt 0:02:08]} Rxd7 {[%emt 0:00:42]} 41. Bxd7 {[%emt 0:00:01]} b6 {[%emt 0:00:45]} 42. Qe3 {[%emt 0:00:56]} Qd6 {[%emt 0:00:57]} 43. Bg4 {[%emt 0:00:14]} Qc6+ {[%emt 0:00:48]} 44. Kh2 {[%emt 0:01:44]} Qf6 {[%emt 0:01:04]} 45. Kg2 {[%emt 0:00:45]} Kh7 {[%emt 0:01:50]} 46. h5 {[%emt 0:00:44]} gxh5 {[%emt 0:06:28]} 47. Bxh5 {[%emt 0:00:22]} Nf5 48. Qh3 {[%emt 0:01:09]} Qg5+ {[%emt 0:02:23]} 49. Kf2 {[%emt 0:00:18]} Qf4+ {[%emt 0:02:25]} 50. Qf3 {[%emt 0:00:24]} Qh2+ {[%emt 0:00:30]} 51. Ke1 {[%emt 0:00:19]} Qh4+ {[%emt 0:00:29]} 52. Kd1 Qd4+ {[%emt 0:01:14]} 53. Kc1 {[%emt 0:01:04]} Qa1+ {[%emt 0:00:23]} 54. Kd2 {[%emt 0:00:00]} Qb2+ {[%emt 0:00:23]} 55. Kd1 {[%emt 0:00:19]} Qd4+ {[%emt 0:01:25]} 56. Kc1 {[%emt 0:00:06]} Qg1+ 57. Kb2 Qh2+ {[%emt 0:02:20]} 58. Ka3 {[%emt 0:01:07]} Qc2 {[%emt 0:03:38]} 59. Qd1 {[%emt 0:01:40]} Qf2 {[%emt 0:01:52]} 60. Qg4 {[%emt 0:00:39]} Qc5+ {[%emt 0:01:33]} 61. Ka2 {[%emt 0:00:05]} Qf2+ {[%emt 0:01:32]} 62. Ka3 Qc5+ 63. Ka2 {[%emt 0:00:54]} Ne7 {[%emt 0:02:25]} 64. Qh4 {[%emt 0:00:33]} Qd6 {[%emt 0:01:08]} 65. Bf3+ {[%emt 0:00:30]} Kg7 {[%emt 0:00:30]} 66. Qg5+ {[%emt 0:00:10]} Kf8 {[%emt 0:00:16]} 67. Be4 {[%emt 0:00:52]} Ke8 {[%emt 0:00:03]} 68. Qg7 {[%emt 0:00:00]} Kd7 {[%emt 0:01:04]} 69. Qg5 {[%emt 0:00:43]} 1/2-1/2